| 000 -CABECERA |
| Campo de control de longitud fija |
02132nam a22003857a 4500 |
| 003 - IDENTIFICADOR DEL NÚMERO DE CONTROL |
| Campo de control |
OSt |
| 005 - FECHA Y HORA DE LA ÚLTIMA TRANSACCIÓN |
| Campo de control |
20260416160759.0 |
| 008 - CÓDIGOS DE INFORMACIÓN DE LONGITUD FIJA |
| Campo de control de longitud fija |
260409t2008 xxu||||| |||| 00| 0 spa d |
| 020 ## - NÚMERO INTERNACIONAL NORMALIZADO PARA LIBROS (ISBN) |
| Número Internacional Normalizado para Libros (ISBN) |
9780323039383 |
| 020 ## - NÚMERO INTERNACIONAL NORMALIZADO PARA LIBROS (ISBN) |
| Número Internacional Normalizado para Libros (ISBN) |
9788480863346 |
| 040 ## - FUENTE DE LA CATALOGACIÓN |
| Centro catalogador de origen |
Unicoc |
| Lengua de catalogación |
spa |
| Centro que cataloga |
Bogotá (Dr. David Ordóñez Rueda) - Campus Norte |
| Centro modificador |
Bogotá (Dr. David Ordóñez Rueda) - Campus Norte |
| 082 ## - NÚMERO DE LA CLASIFICACIÓN DECIMAL DEWEY |
| Número de clasificación |
617.96 |
| 100 ## - PUNTO DE ACCESO PRINCIPAL - NOMBRE DE PERSONA |
| 9 (RLIN) |
12881 |
| Nombre de persona |
Bread, Lois L. |
| 245 ## - MENCIÓN DE TÍTULO |
| Título |
Toma de decisiones en anestesiología |
| Mención de responsabilidad etc. |
/ Lois L. Bready, Susan H. Noorily, Dawn Dillman |
| 246 ## - VARIANTES DE TÍTULO |
| Título propio / Titulo en breve |
Decision Making in Anesthesiology |
| 250 ## - MENCIÓN DE EDICIÓN |
| Mención de edición |
4 Ed. |
| 260 ## - PUBLICATION, DISTRIBUTION, ETC. (IMPRINT) |
| Lugar de publicación distribución etc. |
España : |
| Nombre del editor distribuidor etc. |
Elsevier , |
| Fecha de publicación distribución etc. |
2008 |
| 300 ## - DESCRIPCIÓN FÍSICA |
| Extensión |
598 páginas |
| Otras características físicas |
Ilustraciones, tablas, gráficas |
| 500 ## - NOTA GENERAL |
| Nota general |
Incluye Índice y Bibliografía |
| 505 ## - NOTA DE CONTENIDO CON FORMATO |
| Título |
1. Fundamentos de Anestesia. -- Principios básicos de la toma de decisiones. – |
| -- |
2. Valoración preanestésica y manejo preoperatorio. -- Algoritmos para la evaluación, preparación del paciente y manejo de condiciones preexistentes. -- |
| -- |
3. Técnicas anestésicas e intraoperatorio. -- Toma de decisiones durante la inducción, mantenimiento y emergencia de la anestesia. -- |
| -- |
4. Resucitación y Urgencias: Algoritmos para parada cardíaca y arritmias. -- |
| -- |
5. Casos especiales. -- Situaciones particulares en anestesia, incluyendo manejo de vías aéreas o pacientes críticos. -- |
| -- |
6. Periodo postoperatorio. -- Cuidados y manejo en la unidad de recuperación. |
| 526 ## - NOTA DE INFORMACIÓN SOBRE EL PROGRAMA DE ESTUDIO |
| Institución que aplica el campo |
Unicoc |
| 546 ## - NOTA DE LENGUA |
| Nota de lengua |
Español |
| 650 #0 - PUNTO DE ACCESO ADICIONAL DE MATERIA - TÉRMINO DE MATERIA |
| 9 (RLIN) |
7353 |
| Término de materia o nombre geográfico como elemento inicial |
Anestesia general |
| 650 #0 - PUNTO DE ACCESO ADICIONAL DE MATERIA - TÉRMINO DE MATERIA |
| 9 (RLIN) |
11543 |
| Término de materia o nombre geográfico como elemento inicial |
Dolor Orofacial |
| Subdivisión de materia general |
Manejo farmacológico |
| 658 #0 - TÉRMINO DE INDIZACIÓN - OBJETIVO CURRICULAR |
| 9 (RLIN) |
8315 |
| Programa Académico |
Programa de Odontología |
| 658 #0 - TÉRMINO DE INDIZACIÓN - OBJETIVO CURRICULAR |
| 9 (RLIN) |
8071 |
| Programa Académico |
Especialización en Endodoncia |
| 658 #0 - TÉRMINO DE INDIZACIÓN - OBJETIVO CURRICULAR |
| 9 (RLIN) |
11722 |
| Programa Académico |
Especialización en Ortodoncia y Ortopedia Maxilar |
| 658 #0 - TÉRMINO DE INDIZACIÓN - OBJETIVO CURRICULAR |
| 9 (RLIN) |
8072 |
| Programa Académico |
Especialización en Periodoncia |
| 658 #0 - TÉRMINO DE INDIZACIÓN - OBJETIVO CURRICULAR |
| 9 (RLIN) |
8074 |
| Programa Académico |
Especialización en Rehabilitación Oral |
| 658 #0 - TÉRMINO DE INDIZACIÓN - OBJETIVO CURRICULAR |
| 9 (RLIN) |
8073 |
| Programa Académico |
Especialización en Prostodoncia |
| 700 ## - PUNTO DE ACCESO ADICIONAL - NOMBRE DE PERSONA |
| 9 (RLIN) |
12882 |
| Nombre de persona |
Noorily, Susan H. |
| 700 ## - PUNTO DE ACCESO ADICIONAL - NOMBRE DE PERSONA |
| 9 (RLIN) |
12883 |
| Nombre de persona |
Dillman, Dawn |
| 856 ## - LOCALIZACIÓN Y ACCESO ELECTRÓNICOS |
| Texto del enlace |
Acceso online exclusivo para comunidad Unicoc. |
| Identificador Uniforme del Recurso (URI) |
https://unicoceduco-my.sharepoint.com/:b:/g/personal/direccionbiblioteca_unicoc_edu_co/IQAQ5tiG8oNTTZpsW1l0NyMsAdQw4p3SZj1lKnVjnIdX0tw |
| 942 ## - ENTRADA PARA ELEMENTOS AGREGADOS (KOHA) |
| Fuente de clasificación o esquema de ordenación en estanterías |
|
| Koha [por defecto] tipo de item |
Libro electrónico |